000
00329nam a22001457a 4500
008
210311b ||||| |||| 00| 0 eng d
020
_a
9781323294703
041
_a
eng
080
_2
5th
_a
82
082
_2
5th
_a
82
100
_a
22
101
_a
GJL
245
_a
Perspectives on the Short Story
_c
Newcomer,C
942
_2
udc
_c
BK
999
_c
56460
_d
56460